[Event "Königsspringer Hamburg"]
[Site "Internationales Meisterturnier"]
[Date "2004.03.08"]
[Round "1"]
[White "Kopylov, Mihail"]
[Black "Reddmann, Hauke"]
[Result "1/2-1/2"]
[WhiteElo "2445"]
[BlackElo "2338"]
[PlyCount "46"]
[EventDate "2004.??.??"]

1. d4 Nf6 2. c4 e6 3. g3 Bb4+ 4. Nd2 O-O 5. Bg2 Re8 6. Ngf3 d5 7. O-O c6 8. Qc2
Nbd7 9. e4 dxe4 10. Nxe4 Nxe4 11. Qxe4 Nf6 12. Qc2 Be7 13. Rd1 Qa5 14. a3 Bd7
15. Ne5 Red8 16. Bf4 Rac8 17. a4 Be8 18. c5 b6 19. Bf1 bxc5 20. Nc4 Qb4 21. Bd2
Qb8 22. Bf4 Qb4 23. Bd2 Qb8 1/2-1/2

[Event "Königsspringer Hamburg"]
[Site "Internationales Meisterturnier"]
[Date "2004.03.08"]
[Round "1"]
[White "Buhr, Carl Christian"]
[Black "Farago, Ivan"]
[Result "1/2-1/2"]
[WhiteElo "2347"]
[BlackElo "2506"]
[PlyCount "68"]
[EventDate "2004.??.??"]

1. c4 Nf6 2. Nc3 e5 3. g3 Bb4 4. Bg2 O-O 5. Nh3 h6 6. O-O d6 7. f3 c6 8. a3
Bxc3 9. bxc3 Be6 10. d3 Qd7 11. Nf2 d5 12. cxd5 cxd5 13. Bd2 Nc6 14. Qa4 Rac8
15. Rfb1 b6 16. Qh4 Ne7 17. g4 Ng6 18. Qg3 h5 19. h3 h4 20. Qh2 d4 21. c4 Qc7
22. Ne4 Nxe4 23. fxe4 Bd7 24. e3 dxe3 25. Bxe3 Be6 26. Bf1 Nf4 27. Bxf4 exf4
28. Qf2 g5 29. Rb5 f6 30. a4 Bd7 31. Rd5 Bc6 32. Rf5 Bd7 33. Rd5 Bc6 34. Rf5
Bd7 1/2-1/2

[Event "Königsspringer Hamburg"]
[Site "Internationales Meisterturnier"]
[Date "2004.03.08"]
[Round "1"]
[White "Hochgraefe, Markus"]
[Black "Zimmermann, Julian"]
[Result "1-0"]
[WhiteElo "2327"]
[BlackElo "2227"]
[Annotator "[Hochgraefe]"]
[PlyCount "49"]
[EventDate "2004.??.??"]

1. Nf3 d5 2. d4 Nf6 3. c4 dxc4 4. e3 c5 5. Bxc4 cxd4 $6 {
Ungenau, weil Weiss in eine günstige Isolanistellung kommt.} 6. exd4 e6 7. O-O
Be7 8. Nc3 O-O $6 {
Schwarz sollte erst Sc6 ziehen,um die folgende Umgruppierung zu verhindern.} 9.
Qe2 Nc6 10. Rd1 Nd5 11. a3 (11. Qe4 Nf6 {ist nicht besser als der Textzug})
11... Na5 12. Ba2 Nxc3 13. bxc3 Bd7 14. c4 Ba4 $5 {
Schwarz spielt gewohnt originell} 15. Rd3 Rc8 16. Re3 $6 {
16. Se5 ist wohl genauer.} Bf6 17. Bb2 Qb6 18. Ne5 Rfd8 $2 {Zieht die vorletzte
Figur vom Könisgsflügel weg. Tcd8 sieht gesünder aus, aber Weiß steht auf
jeden Fall besser.} 19. Re1 Nc6 $6 20. c5 $1 $18 {
Jetzt wird Schwarz am Königsflügel plattgewalzt.} Qa6 21. Bc4 b5 22. cxb6 Qxb6
23. Nxf7 $1 Rf8 (23... Kxf7 24. Bxe6+ Kf8 25. Bxc8 $18) (23... Nxd4 24. Bxd4
Bxd4 25. Bxe6 Bxe3 26. Nxd8+ $18) 24. Bxe6 Rb8 25. Qh5 {Schwarz kann den
gewinnbringenden Abzug des Sf7 nach g5 und das nachfolgende Matt nicht mehr
verhindern.} 1-0

[Event "Königsspringer Hamburg"]
[Site "Internationales Meisterturnier"]
[Date "2004.03.08"]
[Round "1"]
[White "Kuemin, Simon"]
[Black "Svetushkin, Dmitry"]
[Result "1/2-1/2"]
[WhiteElo "2376"]
[BlackElo "2553"]
[Annotator "Svetushkin, Kuemin"]
[PlyCount "134"]
[EventDate "2004.??.??"]

1. d4 d5 2. c4 c6 3. Nf3 Nf6 4. e3 a6 5. Qc2 (5. Nc3) (5. Bd3) (5. Nbd2) 5...
Bg4 6. Ne5 Bh5 7. Nc3 e6 8. Bd3 Nbd7 9. Nxd7 Qxd7 (9... Nxd7 10. e4 dxe4 11.
Nxe4 Bb4+ $11 (11... Bg6)) 10. O-O (10. c5 $5 Bg6 (10... g5 $5) 11. f4 $14)
10... dxc4 11. Bxc4 Bg6 12. Bd3 c5 13. Bxg6 hxg6 14. dxc5 Bxc5 15. Rd1 Qc6 16.
Bd2 (16. Na4 $2 Rxh2 $1 17. Kxh2 Bd6+) 16... Bd6 17. h3 Rd8 18. Rac1 Rh4 19.
Ne2 Qxc2 20. Rxc2 Ne4 21. Nc3 (21. f3 Nxd2 22. Rcxd2 Ke7 $11) 21... Nxc3 22.
Rxc3 Rh5 23. Kf1 Ra5 24. a3 (24. Rc8 Rxc8 25. Bxa5 Be5 26. Rd2 $11) 24... Be5
25. Rc2 Rb5 26. Rb1 Rb3 27. Ke2 Rd5 28. Bc3 $2 (28. f4) (28. a4 $11) 28... Rc5
29. Rbc1 Bxc3 30. bxc3 Rxa3 31. c4 Kd7 $6 $138 (31... Ke7 $17) 32. Rd2+ Kc6 (
32... Ke7 33. Rb1 b5 34. cxb5 Rxb5 $15) 33. Rcd1 Rf5 $6 34. f4 Rc3 35. Rd6+ Kc5
36. Rd7 b5 37. g4 Rf6 38. cxb5 axb5 39. R1d4 Rc4 40. Rd1 Rc2+ 41. Kd3 Rb2 42.
Rc1+ Kb4 43. Rcc7 $11 (43. g5 Rf5 44. Rcc7 f6 45. Rd4+ Kb3 46. Rxg7 fxg5 $11)
43... g5 44. Rxf7 gxf4 45. exf4 Rh6 46. Rxg7 Rxh3+ 47. Kd4 Rf2 48. Rgf7 Rhf3 (
48... Rh4 49. Ke3) 49. Ke4 Rg3 50. g5 Re2+ 51. Kd4 e5+ 52. fxe5 Rxg5 53. Rfe7
Rg1 54. Kd5 Kb3 55. e6 b4 56. Re8 Rd1+ 57. Kc6 Kb2 58. e7 b3 59. Rb7 Rc1+ 60.
Kd5 Rd2+ 61. Ke4 Re1+ 62. Kf3 Rd3+ 63. Kf4 (63. Kf2 Rc1 64. Ke2 $11) 63... Rd4+
64. Kf5 Rd5+ 65. Kf6 Rd3 66. Reb8 Rf3+ 67. Kg5 Rfe3 (67... Rfe3 68. Rxb3+ Rxb3
69. e8=R $11) 1/2-1/2

[Event "Königsspringer Hamburg"]
[Site "Internationales Meisterturnier"]
[Date "2004.03.08"]
[Round "1"]
[White "Schleicher, Guido"]
[Black "Boidman, Yuri"]
[Result "0-1"]
[WhiteElo "2249"]
[BlackElo "2418"]
[Annotator "[Boidman]"]
[PlyCount "54"]
[EventDate "2004.??.??"]

1. e4 c5 2. Nf3 Nc6 3. d4 cxd4 4. Nxd4 Nf6 5. Nc3 d6 6. Bg5 e6 7. Qd2 a6 8.
O-O-O Bd7 9. Be2 (9. f4) (9. f3) 9... Be7 10. Bxf6 $2 {besser ist f4} Bxf6 11.
Nb3 Be7 12. f4 b5 13. Bf3 O-O (13... Ne5 14. Qd4 Nc4 15. Qxg7 Bf6 $13) 14. Kb1
b4 15. Ne2 a5 16. Nbd4 Qb6 17. Nxc6 Bxc6 18. Nd4 Bb7 19. g4 a4 20. f5 e5 21. f6
$5 Bxf6 22. Nf5 b3 23. cxb3 axb3 24. a3 Rfc8 25. Rhf1 d5 $1 26. g5 (26. exd5
Rc2 {mit der Idee e4}) 26... Rc2 27. Qe1 Qc5 {mit der Drohung Txb2} (27... Qc5
28. Ne3 Rxb2+ 29. Kxb2 Qxa3+ 30. Kc3 d4+ 31. Kd3 Ba6+ 32. Nc4 Bxc4+ 33. Kxc4
Rc8+ 34. Kd3 b2+ 35. Kd2 Bxg5+ 36. Ke2 Qe3#) 0-1

[Event "Königsspringer Hamburg"]
[Site "Internationales Meisterturnier"]
[Date "2004.03.09"]
[Round "2"]
[White "Svetushkin, Dmitry"]
[Black "Schleicher, Guido"]
[Result "1-0"]
[WhiteElo "2553"]
[BlackElo "2249"]
[Annotator "Svetushkin"]
[PlyCount "51"]
[EventDate "2004.??.??"]

1. d4 f5 2. Nc3 Nf6 3. Bg5 g6 $6 (3... d5 4. Bxf6 exf6 5. e3 Be6 6. Qf3 Nc6 $5)
4. Bxf6 exf6 5. e3 d5 6. Qf3 c6 7. Bd3 Be6 8. Nge2 Nd7 9. h3 Rg8 (9... h5 10.
g4 $5 fxg4 11. hxg4 Bxg4 12. Qxg4 $5 hxg4 13. Bxg6+ Ke7 14. Rxh8 $36) 10. g4
fxg4 11. hxg4 Rg7 12. O-O-O Qe7 13. Nf4 (13. e4 $5) 13... O-O-O 14. Rhe1 Bg8
15. e4 dxe4 16. Bxe4 Qd6 $6 (16... Qb4 $5) 17. d5 Ne5 18. Qg3 $16 Qb4 19. dxc6
Rxd1+ 20. Rxd1 bxc6 21. Nd3 $18 Qa5 22. Nxe5 fxe5 23. Bxc6 Bb4 24. Nd5 Bd6 25.
Qb3 Bc5 $2 26. Ne7+ (26. Ne7+ Bxe7 (26... Rxe7 27. Qxg8+ Kc7 28. Qd8+) 27. Qb7#
) 1-0

[Event "Königsspringer Hamburg"]
[Site "Internationales Meisterturnier"]
[Date "2004.03.09"]
[Round "2"]
[White "Zimmermann, Julian"]
[Black "Kuemin, Simon"]
[Result "0-1"]
[WhiteElo "2227"]
[BlackElo "2376"]
[Annotator "Simon Kuemin"]
[PlyCount "80"]
[EventDate "2004.??.??"]

1. e4 e6 2. d4 d5 3. Nc3 Bb4 4. e5 c5 5. a3 Bxc3+ 6. bxc3 Ne7 7. Qg4 cxd4 8.
cxd4 (8. Qxg7 Rg8 9. Qxh7 Qc7 {fuehrt zur Hauptvariante}) (8. Bd3 $5 Qa5 9. Ne2
O-O) 8... Qc7 9. Bd2 $2 (9. Kd1) (9. Ra2) 9... Qxc2 10. Rc1 (10. Qxg7 Rg8 11.
Qh6 Qb2) 10... Qe4+ 11. Qxe4 dxe4 $17 12. g3 Bd7 13. Bg2 Bc6 14. Ne2 f5 15.
exf6 gxf6 16. O-O Nd7 17. Nc3 f5 18. f3 exf3 19. Bxf3 Nb6 (19... Bxf3 $2 20.
Rxf3 Rc8 21. Re1 Kf7 22. Rfe3 Nf8 23. d5) 20. d5 $6 (20. Bxc6+ bxc6 $1 $17 (
20... Nxc6 $2 21. d5)) 20... Nbxd5 21. Nxd5 Nxd5 22. Bxd5 Bxd5 23. Rc7 O-O $1
24. g4 Rac8 25. Rxc8 Rxc8 26. gxf5 Rc2 27. Rf2 exf5 28. Be3 Rxf2 29. Kxf2 b6
$19 30. Bf4 {(=)} Kf7 31. Bb8 a6 32. Bc7 b5 33. Ke3 Be4 34. h4 Bc2 35. Kd2 Bb1
$6 {Da steht der Laeufer schlecht, da er in einer Variante dem eigenen Bauern
im Weg steht.} 36. Ke3 Kf6 37. Kf4 $6 (37. Kd4 Kg6) (37. Bb8 Ba2 (37... a5 $2
38. Bc7 b4 39. a4 $1) 38. Kf4 Be6 39. Ke3 Bc8 40. Bc7 Bd7 {
Hier steht der Laeufer richtig.} 41. Bb8 a5) 37... Ke6 38. Kg5 Kd5 39. Kh6 Ke4
40. Kxh7 f4 0-1

[Event "Königsspringer Hamburg"]
[Site "Internationales Meisterturnier"]
[Date "2004.03.09"]
[Round "2"]
[White "Farago, Ivan"]
[Black "Hochgraefe, Markus"]
[Result "1-0"]
[WhiteElo "2506"]
[BlackElo "2327"]
[PlyCount "45"]
[EventDate "2004.??.??"]

1. d4 d5 2. c4 c6 3. Nf3 Nf6 4. Nc3 a6 5. c5 Nbd7 6. Bf4 Nh5 7. e3 Nxf4 8. exf4
g6 9. h4 Bg7 10. h5 b6 11. cxb6 Qxb6 12. Qd2 c5 13. Nxd5 Qe6+ 14. Ne3 cxd4 15.
Nxd4 Qd6 16. Rd1 Qxf4 17. Nc6 e6 18. Be2 Qc7 19. Nc4 Qxc6 20. Nd6+ Ke7 21. Bf3
Qc7 22. Bxa8 a5 23. hxg6 1-0

[Event "Königsspringer Hamburg"]
[Site "Internationales Meisterturnier"]
[Date "2004.03.09"]
[Round "2"]
[White "Kopylov, Mihail"]
[Black "Buhr, Carl Christian"]
[Result "1-0"]
[WhiteElo "2445"]
[BlackElo "2347"]
[PlyCount "151"]
[EventDate "2004.??.??"]

1. d4 Nf6 2. c4 e6 3. Nc3 d5 4. Bg5 Bb4 5. e3 O-O 6. Nf3 c5 7. cxd5 exd5 8.
dxc5 Nbd7 9. Rc1 Nxc5 10. Qd4 Bxc3+ 11. Qxc3 Nce4 12. Bxf6 Qxf6 13. Qxf6 Nxf6
14. Nd4 Bd7 15. Bd3 Rfc8 16. Ke2 Kf8 17. f3 Ke7 18. Kd2 Rxc1 19. Rxc1 Rc8 20.
Rh1 g6 21. g4 h5 22. g5 Ne8 23. Ne2 Nd6 24. Nf4 Be6 25. Ke2 Nc4 26. Rc1 Nb6 27.
Rf1 Nc4 28. Rc1 Nb6 29. Rd1 Na4 30. Kd2 Kd6 31. b3 Nb2 32. Rc1 Nxd3 33. Nxd3
Re8 34. f4 Bf5 35. Ne5 b6 36. Nf3 Rc8 37. Rxc8 Bxc8 38. Nd4 a6 39. Kd3 Bd7 40.
a3 Be8 41. b4 Bd7 42. Nf3 Bb5+ 43. Kd4 Ba4 44. Ne1 Ke6 45. Nd3 Bc6 46. Nc1 Kf5
47. Nd3 Ke6 48. Ne5 Bb5 49. Nf3 Be8 50. Nh4 Bc6 51. f5+ gxf5 52. Ng2 f4 53.
Nxf4+ Kf5 54. Nxh5 Kxg5 55. Nf4 Kg4 56. Nxd5 Kh3 57. Nxb6 Kxh2 58. Nc4 Kg2 59.
Nd6 f6 60. Ne4 f5 61. Nc5 Bb5 62. a4 Bf1 63. Nd3 Kf3 64. b5 axb5 65. axb5 Kg3
66. b6 Bg2 67. Nf4 Bb7 68. Ng6 Kf3 69. Ne5+ Kg3 70. Nc4 f4 71. e4 Kg4 72. e5
Kg5 73. Nd6 Ba8 74. b7 Bxb7 75. Nxb7 f3 76. Nc5 1-0

[Event "Königsspringer Hamburg"]
[Site "Internationales Meisterturnier"]
[Date "2004.03.09"]
[Round "3"]
[White "Buhr, Carl Christian"]
[Black "Reddmann, Hauke"]
[Result "1-0"]
[WhiteElo "2347"]
[BlackElo "2338"]
[Annotator "Buhr"]
[PlyCount "63"]
[EventDate "2004.??.??"]

1. c4 e6 2. Nf3 f5 3. g3 Nc6 4. Bg2 a6 5. Nc3 Nf6 6. O-O Bb4 7. Qc2 {
Plan: Laeuferpaar} Rb8 8. a3 Bxc3 9. Qxc3 O-O 10. b4 b5 11. d3 Bb7 12. Bb2 bxc4
13. Qxc4 Nd5 14. e4 {? [Reddmann]} Nb6 15. Qc2 fxe4 16. dxe4 Qe7 17. Rac1 e5 (
17... d6 18. Nh4 Rf7 19. f4 $16) 18. Nh4 Rf7 19. f4 d6 20. fxe5 dxe5 21. Qb3
Re8 22. Bh3 Nd8 23. Rxf7 $2 (23. Rf5 Qf8 (23... Bxe4 24. Rxe5 Qf8 25. Rxc7 $18)
(23... Qd6 24. Rcf1 Ref8 25. Rd1 Qe6 26. Qxe6 Nxe6 27. Rxf7 Kxf7 28. Rf1+ Ke7
29. Rxf8 Nxf8 30. Bxe5 Bxe4 31. Bxg7) 24. Rxe5 $18) 23... Nxf7 $2 (23... Qxf7
24. Qd3 Nc6 25. Rf1 $13) 24. Nf5 Qf6 (24... Qd8 25. Rf1 Rf8 (25... Bxe4 26.
Nh6+ gxh6 27. Qxf7+ Kh8 28. Be6 $18) 26. Bxe5 Bd5 27. Qc3 $16) (24... Qe6 25.
Qxe6 Rxe6 26. Rxc7 Bxe4 27. Ne7+ $18) 25. Rxc7 Bxe4 26. Rxf7 (26. Nd6 $6 Bd5
27. Nxe8 Qh6 28. Qc2 Qxh3 29. Qe2 $16) 26... Qxf7 27. Qxf7+ Kxf7 28. Nd6+ Ke7 (
28... Kf8 29. Nxe8 Kxe8 30. Bf1 $18) 29. Nxe4 Nc4 30. Bc1 h6 31. Bf1 Rc8 32.
Nc5 1-0

[Event "Königsspringer Hamburg"]
[Site "Internationales Meisterturnier"]
[Date "2004.03.09"]
[Round "3"]
[White "Schleicher, Guido"]
[Black "Zimmermann, Julian"]
[Result "0-1"]
[WhiteElo "2249"]
[BlackElo "2227"]
[PlyCount "118"]
[EventDate "2004.??.??"]

1. c4 g6 2. g3 Bg7 3. Bg2 e5 4. Nc3 d6 5. Nf3 Nc6 6. O-O f5 7. d3 Nf6 8. Rb1
O-O 9. b4 h6 10. b5 Ne7 11. c5 g5 12. cxd6 cxd6 13. Ba3 Be6 14. Qa4 Ned5 15.
Nxd5 Nxd5 16. Rbc1 a6 17. Nd2 Qd7 18. Bxd5 Bxd5 19. Qb4 axb5 20. e4 Bc6 21.
exf5 Qxf5 22. Ne4 Rfd8 23. Qb3+ Kh7 24. Bxd6 Qf3 25. Rxc6 bxc6 26. Qe6 Re8 27.
Qd7 Rad8 28. Qxc6 Qxd3 29. Bc7 Ra8 30. Re1 b4 31. Bd6 Qa6 32. Qd7 Kh8 33. Qf5
Qc8 34. Qg6 Qe6 35. Qh5 Kg8 36. Bxb4 Rxa2 37. h4 gxh4 38. Qxh4 Rc8 39. Qe7 Qf5
40. Bc5 Bf8 41. Qf6 Qxf6 42. Nxf6+ Kg7 43. Bxf8+ Rxf8 44. Ne4 Rc2 45. Kg2 Kf7
46. Rh1 Kg6 47. Re1 Rd8 48. Re3 Kf5 49. Kf3 h5 50. Kg2 Rd4 51. Nc3 e4 52. Ne2
Rd3 53. Kf1 Rc4 54. g4+ hxg4 55. Ng3+ Kf4 56. Re1 Rxg3 57. fxg3+ Kf3 58. Ra1 e3
59. Ke1 Rc2 0-1

[Event "Königsspringer Hamburg"]
[Site "Internationales Meisterturnier"]
[Date "2004.03.09"]
[Round "3"]
[White "Boidman, Yuri"]
[Black "Svetushkin, Dmitry"]
[Result "1/2-1/2"]
[WhiteElo "2418"]
[BlackElo "2553"]
[PlyCount "30"]
[EventDate "2004.??.??"]

1. e4 e6 2. d4 d5 3. exd5 exd5 4. Nf3 Bd6 5. Bd3 Ne7 6. O-O Nbc6 7. c3 h6 8.
Re1 Be6 9. Nbd2 O-O 10. Nf1 Bf5 11. Ng3 Bxd3 12. Qxd3 Qd7 13. Bd2 Rfe8 14. Re2
Bxg3 15. hxg3 Qf5 1/2-1/2

[Event "Königsspringer Hamburg"]
[Site "Internationales Meisterturnier"]
[Date "2004.03.10"]
[Round "4"]
[White "Zimmermann, Julian"]
[Black "Boidman, Yuri"]
[Result "1/2-1/2"]
[WhiteElo "2227"]
[BlackElo "2418"]
[PlyCount "84"]
[EventDate "2004.??.??"]

1. e4 d5 2. exd5 Nf6 3. d4 Bg4 4. Be2 Bxe2 5. Qxe2 Qxd5 6. Nf3 e6 7. c4 Qh5 8. Nc3 Bb4 9. Bd2 O-O 10. O-O Bd6 11. c5 Be7 12. Qb5 b6 13. b4 c6 14. Qa4 b5 15. Qb3 Nbd7 16. a4 a6 17. Rfe1 Qf5 18. axb5 axb5 19. Rxa8 Rxa8 20. d5 cxd5 21. Nxb5 Ne4 22. Be3 Ne5 23. Nbd4 Nxf3+ 24. Nxf3 h6 25. c6 e5 26. Qxd5 Bxb4 27. c7 Rc8 28. Qd8+ Kh7 29. Rb1 Ba3 30. Nh4 Qe6 31. Qd3 Qg4 32. g3 Rxc7 33. f3 Rc3 34. Qd5 Nf6 35. Qxf7 Qh5 36. Qa7 Nd5 37. Qa8 Nxe3 38. Rb8 Rc1+ 39. Kf2 Rc2+ 40. Kg1 Rc1+ 41. Kf2 Rc2+ 42. Kg1 Rc1+ 1/2-1/2

[Event "Königsspringer Hamburg"]
[Site "Internationales Meisterturnier"]
[Date "2004.03.10"]
[Round "4"]
[White "Farago, Ivan"]
[Black "Schleicher, Guido"]
[Result "1/2-1/2"]
[WhiteElo "2506"]
[BlackElo "2249"]
[PlyCount "90"]
[EventDate "2004.??.??"]

1. d4 f5 2. g3 Nf6 3. Bg2 g6 4. c4 Bg7 5. Nc3 O-O 6. Nf3 d6 7. O-O Nc6 8. d5 Na5 9. Qa4 b6 10. Qc2 Nxc4 11. Nb5 c6 12. dxc6 d5 13. b3 Ne4 14. bxc4 Bxa1 15. cxd5 a6 16. Bh6 Bg7 17. Bxg7 Kxg7 18. Nc3 Nf6 19. Rd1 Qd6 20. a4 Rb8 21. Nd4 h6 22. e3 Kh7 23. h3 e5 24. dxe6 Bxe6 25. Qb2 Bc4 26. Nxf5 Qc5 27. Nd4 b5 28. axb5 axb5 29. Ne4 Qe7 30. Nxf6+ Qxf6 31. Rc1 Ra8 32. f4 Qe7 33. Qf2 Ra2 34. Qf3 Re8 35. c7 Qxc7 36. Nxb5 Qc5 37. Nd4 Re7 38. Bf1 Qa3 39. Rxc4 Rxe3 40. Qb7+ Re7 41. Qf3 Re3 42. Rc7+ Kh8 43. Rc8+ Kh7 44. Rc7+ Kh8 45. Rc8+ Kh7 1/2-1/2

[Event "Königsspringer Hamburg"]
[Site "Internationales Meisterturnier"]
[Date "2004.03.11"]
[Round "5"]
[White "Hochgraefe, Markus"]
[Black "Reddmann, Hauke"]
[Result "1/2-1/2"]
[WhiteElo "2327"]
[BlackElo "2338"]
[PlyCount "82"]
[EventDate "2004.??.??"]

1. Nf3 Nf6 2. c4 e6 3. Nc3 b6 4. g3 Bb7 5. Bg2 Bb4 6. Qc2 O-O 7. a3 Be7 8. d4 d6 9. e4 Nbd7 10. O-O e5 11. d5 a5 12. Rb1 Nh5 13. b4 g6 14. Bh6 Ng7 15. Bh3 Bc8 16. Kg2 Nf6 17. Bxc8 Qxc8 18. Nd2 Qb7 19. f3 Nd7 20. Nb3 axb4 21. axb4 Ra3 22. Nb5 Ra6 23. Ra1 Rfa8 24. Rxa6 Rxa6 25. Ra1 Ne8 26. Qb1 Nb8 27. Rxa6 Qxa6 28. Qa1 g5 29. f4 exf4 30. gxf4 Bf6 31. Qxa6 Nxa6 32. Bxg5 Bxg5 33. fxg5 Nxb4 {(=)} 34. N3d4 Kg7 35. h4 Kg6 36. Kg3 Nd3 37. Nf3 f6 38. gxf6 Nxf6 39. Nd2 Ne8 40. Nf3 Nf6 41. Nd2 Ne8 1/2-1/2

[Event "Königsspringer Hamburg"]
[Site "Internationales Meisterturnier"]
[Date "2004.03.11"]
[Round "5"]
[White "Kuemin, Simon"]
[Black "Buhr, Carl Christian"]
[Result "1-0"]
[WhiteElo "2376"]
[BlackElo "2347"]
[Annotator "Simon Kuemin"]
[PlyCount "73"]
[EventDate "2004.??.??"]

1. d4 d6 2. Nf3 g6 3. c4 f5 $6 4. Nc3 Nf6 5. g3 Bg7 6. Bg2 O-O 7. O-O Nc6 8. d5 Na5 9. Qa4 c5 (9... b6 $5 {Farago-Schleicher, 4. Runde}) 10. dxc6 Nxc6 (10... bxc6 11. c5 $1) 11. Rd1 Qa5 12. Qb3 Kh8 (12... Qb4 $5) 13. Bd2 Qb4 14. Qxb4 Nxb4 15. Rac1 Bd7 (15... Na6 $5 $14) 16. c5 $5 (16. Bg5 $14) 16... d5 (16... dxc5 17. Ne5 $36) 17. Ne5 e6 18. e4 $1 fxe4 $2 (18... Bc6 19. exd5 Nbxd5 20. a3 Nxc3 21. Bxc3 Bxg2 22. Kxg2 Nd5 23. Bd4 $14) 19. Nxe4 Nc6 (19... Ba4 20. Nxf6 (20. b3 $2 Nxa2) 20... Bxf6 (20... Bxd1 21. Nfd7 $1) 21. Bxb4 Bxd1 22. c6 $1 (22. Nd7 Bxb2 (22... Ba4 23. c6 $16) 23. Rxd1 Rf7 $17) 22... Bxe5 (22... bxc6) 23. cxb7 Bg4 24. f4 Bd4+ 25. Kf1 Rab8 26. Bxf8 Rxb7 27. Rc8 $16) (19... Nxe4 20. Nxd7 Nd3 21. Nxf8 Rxf8 22. Bxe4 $1 dxe4 23. b4 $16 Rxf2 $140 24. c6) 20. Nxf6 Nxe5 21. Nxd7 Nxd7 22. c6 bxc6 23. Rxc6 $16 Rfe8 24. Re1 Nf8 25. b3 Rac8 26. Rec1 Rxc6 27. Rxc6 Bd4 28. Rc7 Bb6 29. Rb7 Rd8 30. Bh3 Bd4 31. b4 Rc8 32. a4 Rc2 33. Bh6 $1 $18 (33. Be3 $16) 33... Kg8 (33... Rxf2 34. Bg7+) (33... Bxf2+ 34. Kf1 Bd4 35. Rf7) 34. Rb8 Rxf2 35. Bxe6+ Kh8 36. Bxd5 a5 37. Kh1 1-0

[Event "Königsspringer Hamburg"]
[Site "Internationales Meisterturnier"]
[Date "2004.03.11"]
[Round "5"]
[White "Schleicher, Guido"]
[Black "Kopylov, Mihail"]
[Result "0-1"]
[WhiteElo "2249"]
[BlackElo "2445"]
[PlyCount "68"]
[EventDate "2004.??.??"]

1. g3 Nf6 2. c4 e5 3. Bg2 c6 4. Nf3 e4 5. Nd4 d5 6. cxd5 cxd5 7. Nc3 Qb6 8. Nb3 Nc6 9. O-O a5 10. d4 a4 11. Nc5 a3 12. bxa3 Bxc5 13. dxc5 Qxc5 14. Bb2 O-O 15. Rc1 Qa5 16. Nb1 Ng4 17. h3 Nge5 18. Nd2 Be6 19. Kh2 Qb6 20. Rb1 Qa7 21. f4 exf3 22. exf3 Bf5 23. f4 Bxb1 24. Qxb1 Qe3 25. Rd1 Nc4 26. Nxc4 dxc4 27. Qa1 c3 28. Bxc3 Rxa3 29. Bb2 Qxg3+ 30. Kh1 Re3 31. Rg1 Rfe8 32. Bf1 Qf3+ 33. Bg2 Qf2 34. Bxg7 Re1 0-1

[Event "Königsspringer Hamburg"]
[Site "Internationales Meisterturnier"]
[Date "2004.03.11"]
[Round "5"]
[White "Boidman, Yuri"]
[Black "Farago, Ivan"]
[Result "1/2-1/2"]
[WhiteElo "2418"]
[BlackElo "2506"]
[PlyCount "39"]
[EventDate "2004.??.??"]

1. e4 e6 2. d4 d5 3. exd5 exd5 4. Bd3 Nc6 5. c3 Bd6 6. Nf3 Nge7 7. O-O Bf5 8. Bxf5 Nxf5 9. Re1+ Nfe7 10. Nbd2 O-O 11. Nf1 Qd7 12. Qd3 Qf5 13. Qxf5 Nxf5 14. Ng3 Nxg3 15. hxg3 Rfe8 16. Bf4 Bxf4 17. gxf4 f6 18. Rxe8+ Rxe8 19. Re1 Rxe1+ 20. Nxe1 1/2-1/2

[Event "Königsspringer Hamburg"]
[Site "Internationales Meisterturnier"]
[Date "2004.03.11"]
[Round "5"]
[White "Svetushkin, Dmitry"]
[Black "Zimmermann, Julian"]
[Result "1-0"]
[WhiteElo "2553"]
[BlackElo "2227"]
[Annotator "Svetushkin"]
[PlyCount "89"]
[EventDate "2004.??.??"]

1. d4 Nf6 2. c4 c5 3. d5 e6 4. Nc3 exd5 5. cxd5 d6 6. e4 g6 7. f3 Bg7 8. Nge2 O-O 9. Ng3 Na6 10. Be2 Nc7 11. O-O Rb8 12. a4 a6 13. Rb1 $5 (13. f4 b5 14. axb5 axb5 15. e5 dxe5 16. d6 Ne6 17. fxe5 Nd7 18. Nxb5 Nxe5 $13) 13... b5 14. axb5 axb5 15. b4 Ng4 $5 (15... Nd7 16. Bb2 $5 cxb4 17. Na2 $14) 16. fxg4 Bxc3 17. bxc5 dxc5 18. Be3 Qd6 19. Rc1 b4 20. Bf4 Qd7 $6 (20... Qb6 $5 21. Kh1 $13) 21. Kh1 $5 Rb6 22. Bc4 Nb5 23. e5 Na3 24. Bh6 $1 Bxe5 (24... Re8 25. e6 fxe6 26. Qf3 (26. dxe6 $2 Qxd1 27. e7+ Nxc4 28. Rcxd1 Rf6 $1 $19) 26... Qe7 27. Rxc3 $3 bxc3 28. Ne4 Nxc4 29. Nf6+ Kf7 (29... Kh8 30. Nxe8 $18) 30. dxe6+ Rxe6 31. Nd5+ $18) 25. Bxf8 Kxf8 26. Ne4 Nxc4 27. Rxc4 Qe7 28. Nxc5 (28. Rxc5 $16) 28... Qh4 29. g3 $8 Bxg3 30. Qe2 b3 31. Qb2 f6 (31... Bxg4 32. Nd7+ $18) 32. Na4 $1 $18 Rb8 33. Qxf6+ Qxf6 34. Rxf6+ Kg7 35. Rb6 (35. Rfc6 $18) 35... Bb7 $5 36. hxg3 Bxd5+ 37. Kg1 Rxb6 38. Nxb6 Bxc4 39. Nxc4 Kf6 40. Kg2 $2 $138 (40. Kf2 $18) 40... h5 $2 (40... Ke6 $8 41. Kf3 Kd5 42. Nd2 b2 43. Ke3 h5 44. Kd3 (44. gxh5 gxh5 45. Kd3 Ke5 46. Nc4+ Kf5 $11) (44. Nb1 $8 Kc4 (44... Ke5 45. Nc3 Kf6 46. Kf4 g5+ 47. Kf3 h4 48. gxh4 gxh4 49. Kg2 Ke5 50. Nb1 Ke4 51. Na3 Kd4 52. g5 Kc3 53. g6 Kb3 54. Nb1 Kc2 55. g7 $18) (44... hxg4 45. Kd3 Kc5 46. Kc3 (46. Nd2 Kd5 47. Ke3 Kc5 48. Ke4 Kb4 49. Kd4 Ka3 50. Kc3 (50. Nc4+ Kb3 51. Nxb2 Kxb2 52. Ke5 Kc3 53. Kf6 Kd4 54. Kxg6 Ke4 55. Kg5 $18) 50... Ka2 51. Kd4 b1=Q 52. Nxb1 Kxb1 53. Ke5 Kc2 54. Kf6 $18) 46... Kd5) 45. gxh5 gxh5 46. Ke4 $18) 44... Ke5 45. Nc4+ Kf6 46. Kc2 Kg5 47. Ne3 Kf6 48. Kxb2 Ke5 49. Kc3 Ke4 $11) 41. Kf3 Kg5 42. Nd2 hxg4+ 43. Ke4 b2 44. Ke5 Kh5 45. Kd4 1-0

[Event "Königsspringer Hamburg"]
[Site "Internationales Meisterturnier"]
[Date "2004.03.12"]
[Round "6"]
[White "Reddmann, Hauke"]
[Black "Zimmermann, Julian"]
[Result "1/2-1/2"]
[WhiteElo "2338"]
[BlackElo "2227"]
[PlyCount "127"]
[EventDate "2004.??.??"]

1. d4 d5 2. Bf4 Nf6 3. e3 e6 4. Nd2 Bd6 5. Nb3 O-O 6. Nf3 b6 7. Ne5 c5 8. c3 cxd4 9. exd4 Ne4 10. f3 f6 11. Nd3 Bxf4 12. Nxf4 Nd6 13. Bd3 Ba6 14. Bxa6 Nxa6 15. Qe2 Qc8 16. O-O-O Nc7 17. Kb1 Nc4 18. g4 Qd7 19. Nc1 Rae8 20. Rhe1 Qd6 21. Nfd3 Rf7 22. Qf2 e5 23. b3 Na3+ 24. Kb2 Nab5 25. dxe5 fxe5 26. a4 Qa3+ 27. Kc2 e4 28. axb5 Rxf3 29. Qd4 exd3+ 30. Nxd3 Rxe1 31. Rxe1 Qd6 32. Re5 Rh3 33. Qf4 Ne6 34. Qf5 Rxh2+ 35. Kb1 Nf8 36. Nb4 Qc5 37. Nc2 Qxc3 38. Re8 Qxb3+ 39. Kc1 Rxc2+ 40. Qxc2 Qxb5 41. Rc8 Qf1+ 42. Kb2 Qb5+ 43. Ka2 Qa5+ 44. Kb3 Qb5+ 45. Ka2 Qd7 46. g5 Qg4 47. Qc1 a5 48. Qc6 Qc4+ 49. Qxc4 dxc4 50. Rb8 Kf7 51. Rxb6 Ne6 52. g6+ hxg6 53. Rc6 Kf6 54. Kb2 Kf5 55. Kc3 g5 56. Rxc4 g4 57. Kd2 Kg5 58. Ke3 Kh4 59. Kf2 g5 60. Ra4 Nf4 61. Rxa5 g3+ 62. Kg1 g2 63. Ra3 Kg4 64. Rg3+ 1/2-1/2